Инверторный источник питания для заряда емкостного накопителя; Известия Томского политехнического университета [Известия ТПУ]; Т. 321, № 4 : Энергетика

Detalles Bibliográficos
Parent link:Известия Томского политехнического университета [Известия ТПУ]/ Томский политехнический университет (ТПУ).— , 2000-
Т. 321, № 4 : Энергетика.— 2012.— [С. 155-160]
Autor principal: Буркин Е. Ю. Евгений Юрьевич
Otros Autores: Свиридов В. В. Виталий Владимирович, Степанов Е. Ю. Евгений Юрьевич
Sumario:Заглавие с титульного листа
Электронная версия печатной публикации
Дан краткий обзор теории заряда емкостного накопителя. Описано и исследовано схемное решение для увеличения мощности, передаваемой в нагрузку в течение рабочего цикла заряда емкостного накопителя на основе формирования ступенчатого зарядного тока.
Lenguaje:ruso
Publicado: 2012
Colección:Энергетика
Materias:
Acceso en línea:http://earchive.tpu.ru/bitstream/11683/4479/1/bulletin_tpu-2012-321-4-34.pdf
Formato: MixedMaterials Electrónico Capítulo de libro
KOHA link:https://koha.lib.tpu.ru/cgi-bin/koha/opac-detail.pl?biblionumber=231743

MARC

LEADER 00000nla2a2200000 4500
001 231743
005 20240126125048.0
035 |a (RuTPU)RU\TPU\book\252769 
035 |a RU\TPU\book\252761 
090 |a 231743 
100 |a 20130206d2012 k y0rusy50 ca 
101 0 |a rus 
102 |a RU 
135 |a drnn ---uucaa 
181 0 |a i  
182 0 |a b 
200 1 |a Инверторный источник питания для заряда емкостного накопителя  |f Е. Ю. Буркин, В. В. Свиридов, Е. Ю. Степанов 
203 |a Текст  |c электронный 
215 |a 1 файл (1.7 Мб) 
225 1 |a Энергетика 
300 |a Заглавие с титульного листа 
300 |a Электронная версия печатной публикации 
320 |a [Библиогр.: с. 160 (4 назв.)] 
330 |a Дан краткий обзор теории заряда емкостного накопителя. Описано и исследовано схемное решение для увеличения мощности, передаваемой в нагрузку в течение рабочего цикла заряда емкостного накопителя на основе формирования ступенчатого зарядного тока. 
337 |a Adobe Reader 
461 1 |0 (RuTPU)RU\TPU\book\176237  |t Известия Томского политехнического университета [Известия ТПУ]  |f Томский политехнический университет (ТПУ)  |d 2000- 
463 1 |0 (RuTPU)RU\TPU\book\251719  |x 1684-8519  |t Т. 321, № 4 : Энергетика  |v [С. 155-160]  |d 2012  |p 204 с. 
610 1 |a емкостные накопители 
610 1 |a заряд 
610 1 |a инверторные устройства 
610 1 |a питание 
610 1 |a мощность 
610 1 |a нагрузки 
610 1 |a рабочий цикл 
610 1 |a труды учёных ТПУ 
610 1 |a электронный ресурс 
610 1 |a источники 
700 1 |a Буркин  |b Е. Ю.  |c специалист в области электроники  |c доцент Томского политехнического университета, кандидат технических наук  |f 1971-  |g Евгений Юрьевич  |3 (RuTPU)RU\TPU\pers\30336  |9 14681 
701 1 |a Свиридов  |b В. В.  |c специалист в области электротехники  |c заведующий лабораторией Томского политехнического университета  |f 1965-  |g Виталий Владимирович  |3 (RuTPU)RU\TPU\pers\30342 
701 1 |a Степанов  |b Е. Ю.  |g Евгений Юрьевич 
801 1 |a RU  |b 63413507  |c 20090623  |g PSBO 
801 2 |a RU  |b 63413507  |c 20220124  |g PSBO 
856 4 |u http://earchive.tpu.ru/bitstream/11683/4479/1/bulletin_tpu-2012-321-4-34.pdf 
942 |c CF